| 000 | 00366nam a2200145Ia 4500 | ||
|---|---|---|---|
| 008 | 230312s9999||||xx |||||||||||||| ||und|| | ||
| 020 | _a0-619-18685-2 | ||
| 082 |
_a005.4469 _bSTR-M |
||
| 100 | _aStrahan;Willis | ||
| 245 | 0 | _aMCSE Guide to Microsoft Windows 2000 | |
| 260 |
_bThomson _aCanada _c2003 |
||
| 300 | _a523 | ||
| 650 |
_aComputer _vComputer |
||
| 942 | _cBK | ||
| 999 |
_c15624 _d15624 |
||